| 000 | 00447nam a22001577a 4500 | ||
|---|---|---|---|
| 003 | OSt | ||
| 005 | 20150910113004.0 | ||
| 008 | 150910b xxu||||| |||| 00| 0 eng d | ||
| 040 | _cRUA | ||
| 082 | _aAGR ឯក 1995 BOO11 Or.1 | ||
| 100 |
_9228 _aឯក រដ្ឋ |
||
| 245 | _aការធ្វើអាជីវកម្មដាំណាំកៅស៊ូ | ||
| 260 |
_aphnomphen _bRUA _c1995 |
||
| 300 |
_a77P. _bILL. _c29CM. |
||
| 942 |
_2ddc _cAGR |
||
| 999 |
_c213 _d213 |
||